[Event "Rostock GM"]
[Site "Rostock"]
[Date "2002.08.29"]
[Round "6"]
[White "Boensch, Uwe"]
[Black "Baramidze, David"]
[Result "0-1"]
[WhiteElo "2540"]
[BlackElo "2351"]
[Annotator "Ribli,Z"]
[PlyCount "122"]
[EventDate "2002.08.25"]
[EventType "tourn"]
[EventRounds "9"]
[EventCountry "GER"]
[EventCategory "8"]
[SourceTitle "CBM 091"]
[Source "ChessBase"]
[SourceDate "2002.11.12"]
[SourceVersion "1"]
[SourceVersionDate "2002.11.12"]
[SourceQuality "1"]

1. d4 d5 2. c4 e6 3. Nf3 Nf6 4. g3 Be7 5. Bg2 O-O 6. O-O dxc4 7. Qc2 a6 8. a4
Bd7 9. Qxc4 Bc6 10. Bg5 a5 {Mit dieser Fortsetzung bereitet Schwarz den Plan
Na6-Nb4 vor.} 11. e3 {Früher spielte Großmeister Boensch den Zug 11.Nc3, aber
in folgendem bekommen wir eine ähnliche Stellung. Nach meiner persönlichen
Meinung ist dieser Plan nicht die beste Möglichkeit für Weiß, weil er später
mit e3-e4 ein Tempo verlieren muss.} (11. Nc3 Na6 12. e3 (12. Rac1 Nb4 13. Rfd1
Rc8 14. Bxf6 Bxf6 15. e4 b6 16. d5 exd5 17. exd5 Bd7 18. Nd4 Bxd4 19. Qxd4 Bf5
20. Be4 {1/2-1/2 Hoffmann,M-Boensch,U/Germany 1997/GER-chT (20)}) 12... Nb4 13.
Qe2 h6 (13... Nd7 14. Bxe7 Qxe7 15. Rfd1 Rfd8 16. Rd2 Bxf3 17. Bxf3 c6 18. Bg2
e5 19. d5 {1-0 Boensch,U-Wells,P/Bad Woerishofen 1995/CBM 47 ext (34)}) (13...
b6) 14. Bxf6 Bxf6 15. Rfd1 Bxf3 (15... b6) 16. Bxf3 c6 17. Ne4 Be7 18. Rac1 Qc7
19. Bg2 Rfd8 20. f4 Nd5 21. Nc5 Nb6 22. b3 Nd7 23. Nxd7 Rxd7 24. Qc4 Qb6 {
1-0 Boensch,U-Arlandi,E/Montecatini Terme 1997/CBM 61 ext (66)}) 11... Na6 {
[%cal Ga6b4]} 12. Qe2 Nb4 13. Rd1 b6 {Das ist eine beliebte Strategie für
Schwarz - er bereitet Bb7 vor.} 14. Nc3 h6 15. Bxf6 Bxf6 16. Rac1 Rc8 17. h4 {
Dieser Zug ist typisch in solchen Stellungen - Weiß gewinnt Raum am
Königsflügel.} Re8 18. e4 $11 {Endlich spielt Weiß diesen Raumgewinnzug. Er
kontrolliert dadurch mehr Raum, aber die schwarze Stellung ist fest und er hat
das Läuferpaar.} Bb7 19. Qe3 Be7 20. Bh3 {[%cal Gh3c8] Nach diesem Zug muss
Schwarz mit dem Durchbruch d4-d5 rechnen.} Bf8 {[%cal Ge8e3]} 21. Rd2 (21. d5
exd5 22. Bxc8 Qxc8 $15 {[%csl Re4][%cal Ge8e3]}) (21. Ne5 $11) {[#]} 21... c5
$1 $13 {Schwarz opfert einen Bauern, um die Stellung für das Läuferpaar zu
öffnen.} 22. Rcd1 (22. dxc5 Qf6 23. cxb6 Bc5 24. Qf4 Qxf4 25. gxf4 Bxb6 $44)
22... Qf6 (22... c4 $5) 23. d5 $6 {Konsequent, aber nicht gut - im folgenden
bekommt Schwarz gutes Spiel.} (23. Nb5 cxd4 24. Nfxd4 Bc5 $15) 23... exd5 $1 {
[%mdl 64]} (23... Rb8 24. dxe6 fxe6 $13) 24. Bxc8 d4 {[%cal Rd4c3,Rd4e3]} 25.
Nxd4 cxd4 26. Qxd4 (26. Rxd4 Rxc8 $17) 26... Qxd4 27. Rxd4 Rxc8 $15 (27... Bxc8
28. Rd8 Rxd8 29. Rxd8 $15) 28. Rd7 Ba6 29. Kg2 (29. Rd8 Nc6 30. Rxc8 Bxc8 $15)
29... Bc5 {[%csl Gc5]} 30. Nb5 Nc6 31. f4 f6 {Natürlich verhindert Schwarz den
Raumgewinn mit 32.e5.} 32. h5 Kf8 33. Kf3 Be7 34. b3 Rd8 {Die weißen Türme
sind so schwach auf der d-Linie, dass man einen Turm tauschen muss.} 35. Rxd8+
Nxd8 36. Nc7 Bc8 (36... Bb7) 37. Na8 $6 {Mit diesem Zug gewinnt Weiß
zeitweilig einen Bauern, aber der Springer verliert zu viel Zeit.} (37. g4 $5)
37... Bb7 38. Nxb6 f5 {[%csl Re4][%cal Rb7f3]} 39. Nd5 Ne6 {Jetzt droht 40...
fxe4+ 41.Kxe4 Nc7.} 40. Nxe7 (40. exf5 Nc7 41. Ke4 Nxd5 42. Rxd5 Bf6 43. g4 Ke7
$22 $19) 40... Kxe7 (40... Bxe4+ 41. Ke3 Kxe7) 41. Ke3 Bxe4 $17 {[%csl Ge4,Ge6]
[%mdl 4096] In diesem Endspiel stehen die schwarzen Leichtfiguren sehr aktiv -
der Turm hat keine Angriffspunkte.} 42. Kd2 Nd4 43. Kc3 Ne2+ {[%cal Re2g3,
Re2c3]} 44. Kc4 Nxg3 45. Kb5 Bc2 {[%cal Rc2b3,Rc2d1]} 46. Re1+ Kd6 47. Kxa5
Nxh5 (47... Bxb3 $2 48. Re3 {[%cal Re3b3,Re3g3]} Nxh5 49. Rxb3 Nxf4 50. Kb6 $18
) 48. b4 {Die weißen Bauern am Damenflügel sind scheinbar aktiv, aber Schwarz
wird schneller am Königsflügel sein.} Nxf4 49. b5 Ne6 50. Rc1 Be4 51. Kb6 {
[%csl Rb6] Es scheint, dass der weiße König die Bauern am Damenflügel
unterstützt, aber in Wirklichkeit steht er schlecht: Weiß muss mit dem König
einige Tempi verlieren, weil die schwarzen Bauern sehr schnell sind.} g5 {
[%csl Ge4,Gf5,Gg5]} 52. a5 g4 $19 {Die schwarze Bauern am Königsflügel
entscheiden die Partie.} 53. Rd1+ Ke7 54. Rg1 h5 55. a6 h4 56. Re1 h3 57. Ka7
Nd4 (57... h2 58. b6 g3 59. b7 g2 60. b8=Q g1=Q+ 61. Rxg1 hxg1=Q+ $19) 58. b6
Nc6+ 59. Ka8 h2 60. b7 h1=Q 61. Rxh1 Bxh1 0-1

[Event "Montreal 3rd"]
[Site "Montreal"]
[Date "2002.08.01"]
[Round "7"]
[White "Ftacnik, Lubomir"]
[Black "Kotronias, Vasilios"]
[Result "1/2-1/2"]
[WhiteElo "2602"]
[BlackElo "2578"]
[Annotator "Ribli,Z"]
[PlyCount "156"]
[EventDate "2002.07.25"]
[EventType "tourn"]
[EventRounds "11"]
[EventCountry "CAN"]
[EventCategory "11"]
[SourceTitle "CBM 091"]
[Source "ChessBase"]
[SourceDate "2002.11.12"]
[SourceVersion "1"]
[SourceVersionDate "2002.11.12"]
[SourceQuality "1"]

1. d4 Nf6 2. Nf3 e6 3. c4 d5 4. g3 {Großmeister Ftacnik spielt gern die
Katalanische Eröffnung.} Be7 5. Bg2 O-O 6. O-O dxc4 7. Qc2 a6 8. a4 Bd7 9. Bg5
{Man spielt gewöhnlich 9.Qxc4 und nur nach 9...Bc6 kommt der Läuferzug 10.Bg5.}
Bc6 10. Qxc4 Bd5 11. Qd3 Be4 (11... c5) 12. Qd1 (12. Qe3 Bc6 13. Nc3 Nbd7 14.
Qd3 Bb4 15. Rfe1 Bxf3 16. Qxf3 c6 $11) 12... c5 13. Nbd2 {Dieser Springerzug
scheint mir chancenreicher, als 13.dxc5.} Bd5 (13... Bc6 14. dxc5 Bxc5 15. Nb3
(15. Qc2 Nbd7 16. Bxf6 Qxf6 (16... gxf6 17. Nb3 Rc8 18. Nxc5 Nxc5 19. Qxc5 Bxf3
20. Qb4 Bxg2 21. Kxg2 Qd5+ 22. Kg1 Rc4 {1/2-1/2 Timoscenko,G-Pigusov,E/Irkutsk
1983/MCD (35)}) 17. Ne4 Qe7 18. Nxc5 Qxc5 19. Rfc1 Qxc2 20. Rxc2 Rfd8 21. a5
Kf8 22. Ng5 Bxg2 23. Kxg2 Rac8 (23... h6 24. Ne4 Nf6 25. Nc5 Rab8 26. Rac1 Ke7
27. Na4 Ne8 28. Nb6 {1/2-1/2 Kurajica,B-Sibarevic,M/Banja Luka 1979/EXT 2001 
(53)}) 24. Rac1 Rxc2 25. Rxc2 h6 26. Ne4 Ke7 27. Rc7 f5 28. Nd2 Rb8 29. Nf3 Kd6
30. Rc2 b6 31. Rd2+ Ke7 32. Rc2 {1/2-1/2 Kobylkin,E-Tunik,G/Voronezh 2001/EXT
2002 (32)}) 15... Bb4 $5 (15... Be7 16. Qxd8 Rxd8 17. Na5 Bd5 18. Ne5 $1 $14 {
1/2-1/2 Ribli,Z-Donev,I/Austria 1996/CBM 57 ext/[Donev] (53)}) (15... Ba7 16.
Qxd8 Rxd8 17. Na5 Bd5 18. Ne1 Nc6 19. Bxd5 Nxa5 20. Bg2 {1-0 Davies,N-Shabtai,
R/Tel Aviv 1989/EXT 97 (50)}) 16. Ne5 Bxg2 17. Kxg2 h6 18. Qxd8 Rxd8 19. Bxf6
gxf6 20. Nd3 Nc6 21. Rfc1 a5 22. Nxb4 Nxb4 23. Rc7 b6 24. Rac1 f5 {1/2-1/2
Sorokin,M-Pigusov,E/Dubai UAE 2002/(24)}) 14. dxc5 Nbd7 15. Qc2 $5 {[%mdl 4]
Das ist die - vorbereitete - Neuerung von Weiß. Im folgenden möchte er e2-e4
ziehen, mit Raumvorteil Im Zentrum.} (15. b4 a5 16. Qb1 {1/2-1/2 Miles,A-Ribli,
Z/Szeged 1997/CBM 62 (16)}) (15. c6) 15... Rc8 (15... Bxc5 $6 16. e4 Bc6 (16...
Rc8 $2 17. Qb1 (17. Qd3 Bc6 18. e5 h6 19. exf6 hxg5 20. fxg7 Kxg7 21. b4 Bb6 (
21... Bxb4 22. Qd4+ $18 {[%cal Rd4b4,Rd4g7]})) 17... Bc6 18. b4 $18) 17. e5 h6
18. exf6 hxg5 19. fxg7 (19. Nxg5 Nxf6 20. Bxc6 bxc6 21. Nde4 (21. Qxc5 Qxd2 $15
) 21... Nxe4 22. Nxe4 Bd4 $132) 19... Kxg7 (19... Re8 20. Ne4 $36) 20. Ne4 $36)
(15... Nxc5 $5 16. Bxf6 gxf6 17. b4 Nd7 18. e4 Bc6 $11) 16. e4 $14 Bc6 (16...
Bxc5 $2 17. Qb1 Bc6 18. b4 $18) (16... Rxc5 $6 17. Qb1 (17. Qd3 Bc6 18. b4 Rxg5
19. Nxg5 Bxb4 $44) 17... Bc6 (17... Bc4 18. Re1 $14) 18. b4 $16) 17. b4 b6 {
[%csl Rc5][%cal Gc8c2] Schwarz muss so spielen, sonst bleibt er ohne
Gegenspiel.} 18. Rfb1 $1 {Ein starker positioneller Zug - im Falle von bxc5
kann Weiß immer b4-b5 ziehen.} (18. Nd4 Bb7 $13) (18. cxb6 Qxb6 $132) 18... Ba8
(18... bxc5 19. b5 axb5 20. axb5 $14 {[%csl Gb5]}) 19. e5 Nd5 (19... Ng4 $5 20.
Bxe7 Qxe7) 20. Bxe7 Qxe7 21. Nc4 {[%csl Gc4][%cal Gc4d6] Der Springer steht
ausgezeichnet auf c4.} bxc5 22. b5 {[%csl Gb5,Gc4] Das ist ein großer
strategischer Erfolg für Weiß - der Pc5 ist blockiert und sein Pb5 - Freibauer
ist stark. Weiß hat einen kleinen, aber dauerhaften Vorteil.} Nb4 23. Qe2 (23.
Qc3 $14) 23... Bd5 $132 {[%csl Gd5]} (23... f6 24. exf6 Qxf6 25. Nfe5 $14 (25.
Nfd2 Nc2 $132)) 24. Nfd2 {Weiß befestigt seine c4-Springerstellung.} Nc2 25.
Ra2 Nb4 {Dieser Springerzug ist eigentlich ein indirektes Remisangebot - es
wäre möglich nach d4 zu springen.} (25... Nd4 $5 $11) 26. Rab2 axb5 27. axb5
Qd8 $6 (27... Rb8 $142 28. Ne4 (28. Nd6 $2 Bxg2 29. Kxg2 Nxe5 30. Qxe5 (30.
Rxb4 Qxd6 $17 (30... cxb4 31. Qxe5 $18)) 30... Nd3 $19) (28. f4 Bxg2 29. Kxg2
Rxb5 30. Ne4 $44) 28... Rxb5 29. Ncd6 $44 {[%csl Gd6]}) 28. f4 $14 Rb8 29. Nd6
{[%csl Gd6] Steinitz hat mal gesagt, dass der gut verteidigte d6N (und e6N
auch) als Vorposten immer sehr stark ist. In unserer Partie paralysiert der
d6N das schwarze Spiel.} f6 {Schwarz möchte die d6-Springerstellung sprengen.}
30. Bxd5 (30. exf6 Qxf6) 30... Nxd5 (30... exd5 31. e6 Nb6 32. e7 (32. Nf5 $36)
32... Qxd6 33. exf8=Q+ Rxf8 34. Re1 $14) 31. exf6 Qxf6 32. N2e4 {[%csl Gb5,Gd6,
Ge4] Weiß hat die bessere Bauernstruktur und aktives Figurenspiel.} Qg6 {
[%cal Gg6g1]} 33. Kh1 h6 34. Rc1 (34. Re1 $14) 34... Rfd8 35. Nc4 {[%cal Ge4d6]
} Kh8 {Der Textzug und der Zug 33...h6 bedeuten, dass Schwarz keinen aktiven
Spielplan hat: Er muss abwarten.} 36. Rd2 Ra8 (36... Rxb5 37. f5 $1 exf5 (37...
Qxf5 38. Ncd6 $18) 38. Rxd5 fxe4 39. Ne5 Qe6 (39... Qe8 40. Nxd7 $18 (40. Qxb5
Nxe5 41. Qxe8+ Rxe8 $13)) 40. Rxd7 Rxd7 41. Qxb5 $16) 37. Ned6 N5b6 38. Rcd1 {
[%cal Gd1d8] Weiß hat deutlichen positionellen Druck: seine Türme stehen sehr
aktiv auf der d-Linie.} Rf8 39. Re1 Rf6 40. Ne4 (40. Qe4 $1 Qxe4+ 41. Nxe4 $16)
40... Rf5 41. Nxb6 (41. Rd6 $16) 41... Nxb6 42. Rd6 $16 {[%csl Gd6,Re6] Weiß
hat aktive Figuren und der e6P ist sehr schwach.} Rb8 43. Nf2 c4 44. Rxe6 {
[%cal Ge1e6] Weiß hat einen Bauern mehr und starken Druck auf der e-Linie.} Qf7
45. Rb1 (45. Re8+ $6 Rxe8 46. Qxe8+ Qxe8 47. Rxe8+ Kh7 48. Re5 Rxe5 49. fxe5
Kg6 $132) 45... Qd7 46. Re7 Qd5+ 47. Kg1 (47. Qe4 $16) 47... Qc5 {[%csl Gc5]
[%cal Gc5g1]} 48. Re8+ (48. Qe3 Qxe3 49. Rxe3 Nd5 50. Ree1 Nc3 51. Rbc1 Nxb5
52. Rxc4 $16 {In der Partie bekommen wir dieselbe Stellung - aber mit zwei
Türmen auf dem Brett hat Weiß mehr Gewinnchancen.}) 48... Rxe8 49. Qxe8+ Kh7
50. Qe4 Kg8 51. Kf1 c3 $14 52. Nd3 Qd5 53. Qxd5+ Rxd5 {[%mdl 4096] Es ist wahr,
dass Weiß in diesem Endspiel einen Bauern mehr hat, aber das Material ist
reduziert und - mit gutem Spiel - kann Schwarz seine Stellung retten.} 54. Ke2
g5 $1 {Das schwarze Ziel ist klar - so viel, wie möglich Material tauschen.} (
54... c2 55. Rc1 Rxb5 56. Rxc2 $14) 55. fxg5 (55. Rc1 gxf4 (55... Na4 56. Ra1
Nb2 57. b6 Rb5 $11 (57... Nxd3 58. b7 Rb5 59. Kxd3 (59. Ra8+ $2 Kf7 60. b8=Q
Rxb8 61. Rxb8 c2 $19) 59... Rxb7 60. Kxc3 $14)) 56. gxf4 Rxb5 57. Rxc3 $14)
55... hxg5 56. Rb3 Kg7 57. Ke3 (57. Rxc3 Rxb5 $14) 57... c2 58. Rc3 Rxb5 59.
Rxc2 {Weiß hat einen Bauern mehr, deshalb muss er das Endspiel weiterspielen.
Andererseits ist es schwer vorstellbar, dass in einer Großmeisterpartie
Schwarz diese Stellung noch verlieren kann.} Nd5+ 60. Kd4 Nf6 {[%csl Gf6] Der
Springer steht gut auf f6 und verteidigt die wichtigste Punkten.} 61. Rc7+ Kg6
62. h3 (62. Ne5+ Kf5 $14) 62... Rd5+ 63. Ke3 Rd6 64. Rc5 (64. Rc6 Rxc6 (64...
Rd5 $14) 65. Ne5+ Kf5 66. Nxc6 Nd5+ 67. Kf3 Nf6 $14) 64... Nd7 65. Rb5 Re6+ 66.
Kf3 Rd6 67. Nf2 Nf6 68. g4 Ra6 69. Rb3 Re6 {Mit einfachen Wartezügen hält
Schwarz seine Stellung.} 70. Ra3 Nd7 71. Ra5 Ne5+ (71... Nf6) 72. Kg2 Nd7 73.
Ra2 Nf6 74. Nh1 Nd5 $11 {[%csl Yf4][%cal Gd5f4] Der Springer strebt nach f4.}
75. Ng3 Nf4+ 76. Kh2 Rb6 77. Ne4 Re6 78. Ra4 Rb6 1/2-1/2

[Event "North Sea Cup 16th"]
[Site "Esbjerg"]
[Date "2001.07.12"]
[Round "7"]
[White "Nielsen, Peter Heine"]
[Black "Rozentalis, Eduardas"]
[Result "1-0"]
[WhiteElo "2593"]
[BlackElo "2588"]
[Annotator "Ribli,Z"]
[PlyCount "95"]
[EventDate "2001.07.06"]
[EventType "tourn"]
[EventRounds "9"]
[EventCountry "DEN"]
[EventCategory "14"]
[SourceTitle "CBM 085"]
[Source "ChessBase"]
[SourceDate "2001.11.13"]
[SourceVersion "1"]
[SourceVersionDate "2001.11.13"]
[SourceQuality "1"]

1. d4 Nf6 2. c4 e6 3. g3 d5 4. Nf3 Be7 5. Bg2 O-O 6. O-O dxc4 7. Qc2 a6 8. Qxc4
{Eine seinerzeit beliebte, heutzutage nur noch selten gespielte Fortsetzung.}
b5 9. Qc2 Bb7 10. Bd2 {[%cal Gd2a5]} (10. Bf4) (10. Bg5) 10... Be4 (10... Nc6)
11. Qc1 c6 {Rozentalis spielt gerne diese Variante - Weiß scheint den Pd4
verteidigen zu müssen.} (11... Bb7 12. Bf4 Bd6 13. Nbd2 Nbd7 (13... Bxf4 14.
gxf4 Qd6 15. Nb3 Nbd7 16. Ne5 Bxg2 17. Kxg2 c5 18. Nxd7 Nxd7 19. dxc5 Qc6+ 20.
f3 Rfc8 21. Qe3 {1-0 Lalic,B-Piza,D/Valencia op 1990/EXT 90op (32)}) 14. Nb3 (
14. Re1 Rc8 $1 $10) 14... Bd5 15. Rd1 Qe7 (15... Qb8 $5 16. Be5 Qb6 $1 17. Qf4
Ne4 18. Bxd6 $1 cxd6 19. Ne1 Nef6 $10 {1-0 Bareev,E-Lalic,B/Sotchi 1987/
Fedorov,V) (41)} (19... f5 $5 $15)) 16. Ne5 Bxg2 17. Kxg2 Nd5 18. Nc6 Nxf4+ 19.
Qxf4 Qe8 20. Qf3 e5 {1/2-1/2 Kasparov,G-Kramnik,V/London ENG 2000/(38)}) 12.
Nc3 $146 {[%mdl 4] Eine (wahrscheinlich vorbereitete) Neuerung. Weiß kümmert
sich nicht um die Verteidigung des Pd4, sondern strebt schnelle Entwicklung an.
} (12. Be3 Nbd7 13. Nc3 (13. Nbd2 Bd5 14. Rd1 Rc8 15. Nb3 Qc7 16. Ne1 Bxg2 17.
Kxg2 Nd5 18. Nd3 e5 {0-1 Fiedler,B-Rozentalis,E/Toronto op 1995/EXT 95op (38)})
13... Bd5 14. Rd1 Rc8 15. Qc2 b4 16. Nxd5 cxd5 17. Qd3 Qa5 18. Bd2 Ne4 19. a3
$6 Nxd2 20. Qxd2 Qb5 {0-1 Summermatter-Rosentalis/Chiasso 1991 (61)}) 12...
Bxf3 {Eine konsequente Fortsetzung - Schwarz nimmt die Einladung an.} (12...
Bd5 $5) 13. Bxf3 Qxd4 14. Be3 Qd8 (14... Qc4 15. b3 Qb4 $13) 15. a4 b4 (15...
bxa4 16. Rxa4 $44 {[%csl Ge3,Gf3]}) 16. Ne4 Nd5 (16... Nxe4 17. Bxe4 $44) 17.
Bd4 (17. Bc5) 17... Qc7 18. Nc5 $44 {[%csl Gc5] Weiß hat positionellen Druck
und das Läuferpaar - das bedeutet ausreichende Kompensation für den Bauern.}
Rd8 (18... e5 $5 19. Nd3 exd4 20. Bxd5 $44) 19. Qc4 (19. e4 e5 (19... Nf4 $13)
20. exd5 exd4 21. Nd3 $44) 19... Nd7 (19... e5 20. Be3 Nxe3 21. fxe3 Qb6 22.
Rac1 {Weiß hat aktives Figurenspiel.} Bg5 23. Bh5 $1 Bxe3+ 24. Kg2 Bxc5 (24...
Qxc5 $4 25. Qxf7+ Kh8 26. Rxc5 $18) (24... Kh8 25. Rxf7 Bxc1 26. Qxc1 {Weiß
hat Qualität und Bauern weniger, aber dank seiner aktiven Leichtfiguren
bekommt er Drohungen am Königsflügel.} Rg8 27. Ne6 Qa5 {[%cal Ra5d5,Rd5f7,
Rd5g2]} 28. e4 Qxa4 29. Bg6 $1 Nd7 30. Qh6 $3 (30. Bxh7 $1 $18) 30... Qc2+ 31.
Kh3 Nf6 32. Rxg7 $18) 25. Bxf7+ Kh8 26. Qxc5 $44) 20. Nxd7 Rxd7 (20... Qxd7 21.
Bc5 $44) 21. Bc5 a5 (21... Bxc5 22. Qxc5 Qd6 23. Rac1 $44) 22. Rac1 Bxc5 23.
Qxc5 Rd6 24. Rc2 {[%cal Gf1c1,Gc1c7]} Rad8 25. Rfc1 {Weiß hat zwar keine
konkreten Drohungen, aber sehr starken positionellen Druck am Damenflügel.
Zudem kann er in der Folge e2-e4 nebst e4-e5 ziehen und den Bauern - mit
besserem Spiel - zurück gewinnen.} g6 26. Kg2 {Weiß verbessert seine Stellung
mit ein paar stillen Zügen. Es ist nicht leicht für Schwarz, einen Spielplan
zu finden.} R8d7 27. Qc4 Qd8 (27... Qc8) 28. Qa6 Qg5 {[%cal Gg5a5] Die Qg5
verteidigt indirekt den Pa5, allerdings befndet sie sich auch weit ab vom
eigentlichen Ort des Geschehens.} (28... b3 29. Rc5 $14) 29. h4 (29. Qxa5 $4
Ne3+ $19) 29... Qe5 30. Rxc6 Kg7 31. Rxd6 Rxd6 32. Qa8 $14 Nb6 33. Qb8 Nd7 (
33... Nxa4 $2 34. Rc8 $40 {[%cal Rc8g8,Rg8g7]}) 34. Qa8 Nb6 (34... Qxb2 35. Rc8
Ne5 36. Rh8 Rd1 37. g4 Nxf3 38. exf3 Qe2 39. Qf8+ Kf6 40. g5+ Ke5 (40... Kf5
41. Qxf7+ Ke5 42. Qc7+ $18) 41. Qc5+ Rd5 42. Qc7+ Kd4 (42... Rd6 43. Ra8 $1 $18
) 43. Rc8 $18 {Droht 44.Qb6+ und 45.Qa6+ - der schwarze König befindet sich im
Mattnetz.}) 35. Qe8 $1 {Weiß gibt sich nicht mit Zugwiederholung zufrieden -
seine Drohungen am Königsflügel sind gefährlich.} Qxb2 36. Rc7 {[%mdl 2048]}
Qf6 37. Rb7 {[%cal Rb7b8,Rb8f8,Rf8g7] Droht 38.Rb8.} Rd8 38. Qb5 Nd5 39. Qxa5
$16 {Die Stellung ist zwar materiell ausgeglichen, aber die weißen Figuren
sind viel aktiver. Auch der Freibauer auf a4 ist sehr stark. Schwarz hingegen
findet keinerlei Gegenspiel - alles in der weißen Stellung ist verteidigt.} h5
40. Qb5 {[%cal Ra4a5,Ra5a6,Ra6a7,Ra7a8]} Qa1 41. Qc6 {Droht 42.Qxe6.} Qe5 42.
a5 {[%csl Ga5]} Nc3 43. Rxb4 Rd1 44. a6 {Der a-Bauer entscheidet die Partie.}
Ra1 45. Rb7 $18 Ra2 46. Qd7 Qf6 47. a7 Nxe2 48. Bxe2 1-0